000 00371nam a2200121Ia 4500
008 220901s9999||||xx |||||||||||||| ||und||
082 _a005.74 SRI
100 _aSrinath, Manorama
245 0 _aIndian Journal of information science and technology
250 _aVol. 3 & 4 Issue No. 2 & 1
260 _bIROFIS
_c2007 & 2008
650 _a information science and technology
999 _c193445
_d193445